Estatísticas para Curiosidades do futebol Brasileiro e Mundial

Clique aqui para jogar o quiz

Estatísticas Gerais

  • Esse quiz foi jogado 1 321 vezes
  • A pontuação média é 5 de 11

Estatísticas das Respostas

HintResposta% Correto
Maior artilheiro de todos os temposPelé
94%
Ano da primeira copa do mundo1930
87%
O time que mais marcou gols em uma única edição do Campeonato BrasileiroSantos
68%
Vice-Campeão da primeira copa do mundoArgentina
60%
Transação mais cara do futebol mundial (jogador) até 2013Cristiano Ronaldo
57%
Maior artilheiro do campeonato brasileiroRoberto Dinamite
55%
Time brasileiro com recorde de vitorias seguidasCoritiba
31%
O jogador com maior número de participações em jogos do Campeonato BrasileiroRogerio Ceni
28%
Maior publico pagante numa partida de futebol no Brasil199.000
6%
jogador que mais tempo jogou partidas de Copa do MundoPaolo maldini
4%
O time de futebol com mais troféus de vice-campeãoAmerica de Natal
3%

Distribuição das Pontuações

Percentil de Números Respondidos

Porcentagem de Pessoas com Cada Pontuação

Sua Pontuação Histórica

Você não jogou esse quiz